[Event "6th GRENKE Chess Classic 2019"]
[Site "Karlsruhe/Baden-Baden"]
[Date "2019.04.20"]
[Round "1.1"]
[White "Keymer, Vincent"]
[Black "Carlsen, Magnus"]
[Result "0-1"]
[WhiteElo "2516"]
[BlackElo "2845"]
[Annotator "TA"]
[PlyCount "162"]
[EventDate "2019.03.30"]
[EventType "tourn"]
[EventCountry "GER"]
[SourceTitle "playchess.com"]
[Source "ChessBase"]
[SourceQuality "1"]

{[%evp 19,162,63,77,41,52,32,37,0,20,18,49,31,33,35,39,29,42,44,60,44,63,69,91,22,31,-12,13,0,54,60,67,10,10,10,80,64,100,86,102,109,81,-23,86,57,71,69,70,15,14,-59,-59,-59,-49,-170,-99,-107,-101,-102,-91,-122,-85,-81,-120,-121,-78,-112,-79,-102,-68,-68,0,-89,-68,-68,-68,-79,-44,-68,-68,-68,-68,-108,-99,-116,-96,-94,-68,-68,-68,-68,-68,-68,-68,-105,0,0,0,0,0,0,0,0,0,0,0,0,0,0,0,0,0,0,0,0,0,-192,-163,-491,-492,-434,-484,-491,-491,-491,-485,-568,-491,-491,-491,-495,-480,-783,-775,-1555,-1495,-2438,-2398,-4973,-2862,-29962,-29962,-29962,-29958,-29983,-29984]} 1. d4 Nf6 2. c4 c5 3. d5 g6 4. Nc3 d6 5. e4 Bg7 6. Nf3 O-O 7. Be2 e5 8. O-O Ne8 9. Ne1 f5 10. exf5 gxf5 11. f4 {E92: King's Indian: Classical: 6 Be2 e5: 7 dxe5, 7 Be3 and Petrosian System without 7...Nbd7} Nd7 (11... e4 12. Nc2 Na6 13. Be3 Nac7 14. Rf2 a6 15. a4 Bd7 16. g4 Bxc3 17. bxc3 fxg4 18. Bxg4 Nf6 19. Bxd7 Qxd7 {½-½ (43) Cruz,F (2344)-Rojas Keim,L (2330) Sant Aria de Besos 2017}) 12. Nd3 e4 13. Nf2 {White is slightly better.} (13. Ne1 {feels hotter.} Nc7 14. Nc2 Qe7 15. a4 Nf6 16. Bd2) 13... Bxc3 14. bxc3 Ndf6 15. Be3 Ng7 $146 ({Predecessor:} 15... Qe7 16. h3 Ng7 {½-½ (48) Edwards,R (2013)-Turner,D (1832) High Wycombe 2011}) 16. Qe1 Bd7 17. Nd1 Ba4 18. h3 Bxd1 19. Qxd1 Qe8 20. Kf2 Qg6 21. Rg1 ({White should play} 21. g4 $16) 21... Kh8 22. a4 Rg8 23. Qf1 Nfh5 (23... h5 $1 $11) 24. g3 $14 Raf8 25. Qg2 (25. Rg2 $1 $14) 25... Qf6 $1 $11 26. Rac1 Qd8 (26... Nxg3 $11 27. Qxg3 Nh5 28. Bxh5 Rxg3 29. Rxg3 Qh4) 27. Qh2 Nf6 28. g4 Nd7 29. g5 Qa5 30. g6 (30. Qh1 $16) 30... h6 (30... Nf6 $11 {keeps the balance.}) 31. Rb1 Rb8 32. Qg3 {Qh4! is the strong threat.} Qd8 $1 33. Ke1 (33. Ra1 $14) 33... Ne8 34. Kd2 (34. h4 $11) 34... Nf8 $1 $15 35. Bf2 Qe7 36. Ke3 (36. h4 $15) 36... Qf6 ({Don't do} 36... Nxg6 37. Bh5 $17) (36... Rxg6 $19 37. Qh4 Qg7) 37. Kd2 $17 Nxg6 38. h4 Ne7 39. Qh3 Rxg1 40. Rxg1 Qf7 41. h5 Nf6 42. Bh4 b6 43. Rb1 Qf8 44. Rg1 Qf7 45. Rb1 $1 Qg7 46. Rg1 Qf8 $1 47. Kc2 Nfg8 48. Kd2 Qf7 49. Kc2 Rf8 50. Kd2 Qe8 51. Ra1 Rf7 52. a5 bxa5 53. Rxa5 Nc8 54. Ra1 Qf8 55. Rb1 Nb6 56. Rg1 Rg7 ({Better is} 56... a5 $17 {And now ...a4 would win.} 57. Rb1 Rb7) 57. Rxg7 $1 $11 Kxg7 58. Qg3+ Kh8 59. Qg6 a5 {[%cal Ba7a5,Ba5a4,Ba4a3][%mdl 32]} 60. Bf1 a4 61. Kc2 a3 $36 {[%mdl 2048] Black has some pressure.} 62. Kb3 {[#]} Na4 $1 {[%mdl 512]} 63. Bh3 (63. Kxa4 a2) 63... Qg7 64. Qxg7+ Kxg7 65. Bxf5 {[%mdl 4096] Endgame KBB-KNN} Nf6 66. Kxa3 Nxc3 67. Bf2 $2 (67. Kb3 $11 Ne2 68. Bxf6+ Kxf6 69. Bxe4) 67... Ne2 68. Ka4 $2 (68. Kb2 {was the crucial defense.}) 68... Nxh5 $19 69. Ka5 Nf6 70. Kb6 Kf7 71. Kc7 Ke7 72. Be3 Nd4 73. Bg6 {intending f5.} h5 74. Bf2 Nf3 75. Bf5 (75. Kb6 $142 Ng4 76. Bxe4 Nxf2 77. Bxf3) 75... Nd2 76. Bh4 e3 77. Bd3 {[#]} Nf3 $1 78. Bxf6+ Kxf6 79. Kxd6 h4 {Black mates.} 80. Kc7 {[#]} Nd4 $1 81. Kc8 e2 {Accuracy: White = 48%, Black = 61%.} 0-1

[Event "6th GRENKE Chess Classic 2019"]
[Site "Karlsruhe/Baden-Baden"]
[Date "2019.04.20"]
[Round "1.2"]
[White "Svidler, Peter"]
[Black "Caruana, Fabiano"]
[Result "1/2-1/2"]
[WhiteElo "2735"]
[BlackElo "2819"]
[Annotator "TA"]
[PlyCount "80"]
[EventDate "2019.03.30"]
[EventType "tourn"]
[EventCountry "GER"]
[SourceTitle "playchess.com"]
[Source "ChessBase"]
[SourceQuality "1"]

{[%evp 19,80,9,12,0,14,18,18,22,17,17,22,23,23,10,32,18,24,27,23,10,33,0,0,0,7,3,26,45,22,25,29,0,0,0,0,0,0,0,0,-23,-26,-23,-22,-12,0,0,8,4,4,5,4,0,8,0,0,0,0,0,0,0,8,8,8]} 1. e4 c5 2. Nf3 Nc6 3. d4 cxd4 4. Nxd4 Nf6 5. Nc3 e5 6. Ndb5 d6 7. Nd5 Nxd5 8. exd5 Nb8 9. a4 Be7 10. Be2 O-O 11. O-O {B33: Sicilian: Pelikan and Sveshnikov Variations} Nd7 12. Bd2 f5 13. a5 a6 14. Na3 e4 15. Nc4 Ne5 16. Nb6 Rb8 17. f4 exf3 18. Bxf3 {[#]} Bf6 $146 ({Predecessor:} 18... g5) 19. c3 g5 20. Be2 f4 21. Nxc8 Qxc8 22. Kh1 b5 23. axb6 Rxb6 24. Qc2 Bg7 25. b3 Qb7 26. b4 Qxd5 {White should prevent ...f3.} 27. Qa2 Qxa2 28. Rxa2 d5 29. Rxa6 (29. Bxa6 {is more complex.} Nc4 30. Bxc4 dxc4 31. g3 Re6 32. gxf4 gxf4 33. Rxf4 Rxf4 34. Bxf4 Bxc3 35. Rc2) 29... Rxa6 30. Bxa6 Nc4 31. Rd1 {The position is equal.} Nxd2 32. Rxd2 Bxc3 33. Rxd5 Bxb4 34. Rxg5+ $11 {[%mdl 4096] Endgame KRB-KRB} Kh8 {[#] aiming for ...Ra8.} 35. Kg1 f3 36. gxf3 Rxf3 37. Bc4 {[%csl Gc4][%cal Rg5g8]} Rf8 38. Kg2 Bc3 39. Bd3 Rg8 40. Rxg8+ Kxg8 {Accuracy: White = 80%, Black = 70%.} 1/2-1/2

[Event "6th GRENKE Chess Classic 2019"]
[Site "Karlsruhe/Baden-Baden"]
[Date "2019.04.20"]
[Round "1.3"]
[White "Vachier-Lagrave, Maxime"]
[Black "Anand, Viswanathan"]
[Result "1/2-1/2"]
[WhiteElo "2773"]
[BlackElo "2774"]
[Annotator "TA"]
[PlyCount "39"]
[EventDate "2019.03.30"]
[EventType "tourn"]
[EventCountry "GER"]
[SourceTitle "playchess.com"]
[Source "ChessBase"]
[SourceQuality "1"]

{[%evp 13,39,37,44,55,89,10,5,14,10,12,20,18,19,0,3,0,0,0,0,0,0,0,0,0,0,0,0,0]} 1. e4 c6 2. d4 d5 3. e5 Bf5 4. Nf3 e6 5. Be2 c5 6. Be3 Qb6 7. Nc3 Nc6 8. O-O {dxc5 is the strong threat. B12: Caro-Kann: Advance Variation} (8. Na4 Qa5+ 9. c3 cxd4 10. Nxd4 Nxd4 11. Bxd4 Ne7 12. O-O Nc6 13. b4 Qc7 14. Rc1 Be7 15. g4 Be4 {1-0 (28) Giri,A (2777)-Navara,D (2745) Shamkir 2018}) 8... Qxb2 9. Qe1 (9. Nb5 $16) 9... cxd4 $11 {The position is equal.} 10. Bxd4 Nxd4 ({Wrong is} 10... Qxc2 $2 11. Rc1 $18) ({Avoid the trap} 10... Bxc2 $2 11. Nb5 $18) 11. Nxd4 Bb4 12. Ndb5 Ba5 ({But not} 12... Bxc2 $6 13. Qd2 $16) 13. Rb1 Qxc2 14. Rb3 Ne7 15. Nd6+ Kf8 {[#] Hoping for ...d4.} 16. Nxb7 Bb6 17. Nd6 Ba5 18. Nb7 Bb6 19. Nd6 Ba5 {[#]} 20. Nb7 $146 {Accuracy: White = 58%, Black = 96%.} ({Predecessor:} 20. Ra3) 1/2-1/2

[Event "6th GRENKE Chess Classic 2019"]
[Site "Karlsruhe/Baden-Baden"]
[Date "2019.04.20"]
[Round "1.4"]
[White "Aronian, Levon"]
[Black "Naiditsch, Arkadij"]
[Result "1/2-1/2"]
[WhiteElo "2763"]
[BlackElo "2695"]
[Annotator "TA"]
[PlyCount "82"]
[EventDate "2019.03.30"]
[EventType "tourn"]
[EventCountry "GER"]
[SourceTitle "playchess.com"]
[Source "ChessBase"]
[SourceQuality "1"]

{[%evp 24,82,26,24,18,21,22,28,26,14,15,13,20,8,6,8,12,8,14,0,0,-6,25,0,0,0,0,0,0,0,0,-22,21,0,62,62,70,27,25,0,0,0,0,0,0,0,8,8,8,8,8,0,0,0,0,0,0,0,0,0,0]} 1. e4 c5 2. Nf3 d6 3. d4 cxd4 4. Nxd4 Nf6 5. Nc3 a6 6. Be3 e5 7. Nf3 Qc7 8. a4 Be7 9. a5 O-O 10. Be2 Nbd7 11. Nd2 b5 12. axb6 Nxb6 13. O-O a5 {B90: Sicilian Najdorf: Unusual White 6th moves, 6 Be3 Ng4 and 6 Be3 e5} 14. Nb5 Qb8 15. c4 Be6 {[#] White has an edge.} 16. Qb3 $146 ({Predecessor:} 16. b3 Rc8 17. f3 Nbd7 18. Nb1 Ne8 19. N1c3 Bd8 20. Na4 Nb6 21. Qd2 Nxa4 22. Rxa4 {0-1 (48) Leko,P (2737)-Naiditsch,A (2710) Kiev 2013}) 16... Rc8 17. Rfc1 Bd8 (17... a4 $5 {[%cal Ra4b3]} 18. Qd1 Qb7 $11) 18. Qd1 Nbd7 19. f3 Bb6 20. Nf1 Ne8 21. Rc3 Bc5 22. Kh1 Rc6 23. Bd2 (23. b3 {is more complex.} Bb4 24. Rcc1 Nc5 25. Rab1 Rb6 26. Bf2) 23... Bb4 24. Rcc1 Bxd2 25. Nxd2 Nc7 26. Ra3 Nc5 27. Rca1 Rca6 28. Nb1 Bd7 (28... a4 $11) 29. N1c3 $14 N7e6 30. Nd5 a4 31. b4 (31. Bf1 {with more complications.} h6 32. R1a2 Qd8 33. Ndc3 Qb6 34. Ra1) 31... axb3 $1 {[#] Hoping for ...Bxb5.The position is equal.} 32. Rxa6 Rxa6 33. Rxa6 Nxa6 34. Qxb3 Nac5 35. Qd1 Nd8 36. Ne3 Ndb7 37. h3 g6 38. Bf1 Be6 39. Nc2 Qd8 40. Qe1 h5 41. Ne3 h4 {Accuracy: White = 58%, Black = 60%.} 1/2-1/2

[Event "6th GRENKE Chess Classic 2019"]
[Site "Karlsruhe/Baden-Baden"]
[Date "2019.04.20"]
[Round "1.5"]
[White "Meier, Georg"]
[Black "Vallejo Pons, Francisco"]
[Result "1/2-1/2"]
[WhiteElo "2628"]
[BlackElo "2693"]
[Annotator "TA"]
[PlyCount "48"]
[EventDate "2019.03.30"]
[EventType "tourn"]
[EventCountry "GER"]
[SourceTitle "playchess.com"]
[Source "ChessBase"]
[SourceQuality "1"]

{[%evp 9,48,16,27,29,39,-3,0,0,0,0,0,0,0,0,0,0,0,0,0,-15,0,0,27,19,18,0,7,0,7,10,7,0,0,0,0,0,0,-4,0,0,0]} 1. Nf3 d5 2. d4 e6 3. g3 b5 4. Bg2 Nf6 5. O-O Bb7 6. a4 {A46: 1 d4 Nf6 2 Nf3 e6: Torre, London and Colle Systems} (6. Bg5 Nbd7 7. e4 dxe4 8. Nfd2 h6 9. Bxf6 Nxf6 10. Qe2 a6 11. Nxe4 Bxe4 12. Bxe4 Nxe4 13. Qxe4 Qd5 {½-½ (62) Aronian,L (2784)-Dominguez Perez,L (2732) Skopje 2015}) 6... b4 7. a5 (7. c4 $5) 7... Be7 8. c3 O-O 9. cxb4 Bxb4 10. Qb3 Qe7 11. Bd2 Na6 $146 ({Predecessor:} 11... c5 12. Bxb4 cxb4 13. Ne5 Rc8 14. Nd2 Na6 {1-0 (34) Guerra,V (2130)-Fernandes,A (2200) Lisbon 1997}) 12. Rc1 Rab8 13. Bxb4 Nxb4 14. Nbd2 Ba6 {[#] White must now prevent ...Nd3!} 15. Qe3 Rb7 16. Ne5 Bb5 {The position is equal.} 17. Bf1 Nd7 18. Nxd7 Qxd7 19. Qa3 $36 {[%mdl 2048] White has the initiative.} Na6 20. Rc3 Rfb8 21. Nb3 Bc4 {[%cal Rb7b3]} 22. Nd2 Bb5 $1 23. Nb3 Bc4 {[%cal Rb7b3]} 24. Nd2 Bb5 $1 {Accuracy: White = 74%, Black = 81%.} 1/2-1/2

[Event "6th GRENKE Chess Classic 2019"]
[Site "Karlsruhe/Baden-Baden"]
[Date "2019.04.21"]
[Round "2.1"]
[White "Vallejo Pons, Francisco"]
[Black "Carlsen, Magnus"]
[Result "0-1"]
[WhiteElo "2693"]
[BlackElo "2845"]
[Annotator "TA"]
[PlyCount "146"]
[EventDate "2019.03.30"]
[EventType "tourn"]
[EventCountry "GER"]
[SourceTitle "playchess.com"]
[Source "ChessBase"]
[SourceQuality "1"]

{[%evp 13,146,45,22,23,24,14,12,9,20,13,18,16,22,23,21,17,1,7,37,17,31,0,8,0,0,3,0,0,0,-5,0,0,0,0,0,0,0,0,0,0,0,0,0,0,0,0,0,6,8,0,32,30,31,-8,-8,-8,-8,-20,-20,-20,-20,-102,-42,-37,-28,-61,-61,-61,-60,-61,-60,-60,-20,-20,-20,-32,-20,-52,-52,-51,-51,-52,-54,-69,-70,-69,-70,-68,-70,-72,-72,-72,-72,-71,-64,-64,-64,-72,-71,-70,-72,-71,-64,-64,-64,-70,-69,-72,-64,-64,-64,-64,-64,-62,-62,-62,-61,-261,-261,-485,-478,-29975,-29976,-29976,-29977,-29977,-29978,-29976,-6246,-6129,-6114,-29992,-29993,-29993,-29992]} 1. e4 e5 2. Nf3 Nc6 3. Bb5 a6 4. Ba4 Nf6 5. O-O Bc5 6. c3 O-O 7. d4 Ba7 8. dxe5 {C78: Ruy Lopez: Archangelsk and Möller Defences} Nxe4 9. Bc2 (9. Qd5 Nc5 10. Bc2 Ne7 11. Qd1 d5 12. exd6 Qxd6 13. Qxd6 cxd6 14. Rd1 Bf5 15. Na3 Ne4 {0-1 (25) Vachier Lagrave,M (2780)-Melkumyan,H (2660) chess.com INT 2018}) 9... d5 10. exd6 {The position is equal.} Nxd6 11. Bg5 f6 12. Bf4 g5 $146 ({Predecessor:} 12... Kh8 13. Bxd6 cxd6 14. Qd5 Ne5 15. Nbd2 Bd7 16. Qxd6 {0-1 (35) Horn,C-Gabinara,A San Marino 1950}) 13. Bxd6 ({Don't play} 13. Qd3 Bf5 $15) 13... Qxd6 14. Qxd6 cxd6 15. Nbd2 g4 16. Nh4 d5 17. Nf5 d4 18. Nc4 Bxf5 19. Bxf5 h5 20. Rad1 Rfd8 21. a4 Ne7 22. Be6+ Kg7 23. Rfe1 f5 24. Na5 Rab8 25. Kf1 Kf6 26. Bb3 Ng6 27. Re6+ Kg5 28. g3 dxc3 29. bxc3 Rxd1+ 30. Bxd1 Rd8 $132 {[%mdl 2048] Black puts up resistance} 31. f4+ gxf3 32. Bxf3 h4 33. Nc4 hxg3 34. hxg3 Bb8 35. Kg2 b5 36. axb5 axb5 37. Ne3 (37. Na3 $11 {keeps the balance.}) 37... Rd2+ (37... f4 $1 $17 38. Be4 Nf8) 38. Kh3 $15 Rd3 39. Be2 Rxc3 40. Bxb5 f4 41. Be8 Nf8 42. Rb6 Be5 43. Nf1 fxg3 {Strongly threatening ...Rc2.} 44. Rc6 Ra3 45. Rb6 Ra2 46. Rb4 $1 Ne6 47. Rg4+ $1 Kf6 48. Bc6 {[#]} g2 $1 {[%mdl 512]} 49. Bxg2 Nf4+ 50. Rxf4+ $1 Bxf4 {[%mdl 4096] Endgame KRB-KBN} 51. Bf3 Bb8 52. Ng3 Kg5 53. Ne2 Bc7 {aiming for ...Rd2.} 54. Kg2 Kh4 55. Kf2 Bb6+ 56. Ke1 Be3 57. Kd1 Kg5 {White must now prevent ...Kf5.} 58. Be4 Kf6 {...Ke5 is the strong threat.} 59. Bf3 Ke5 60. Bg2 Kd6 {Hoping for ...Ke5.} 61. Be4 Kc5 62. Bf5 Rd2+ 63. Ke1 Rd8 {Threatens to win with ...Rf8.} 64. Be4 Kc4 {And now ...Re8 would win.} 65. Kf1 $2 (65. Ng3 $15) 65... Rf8+ $1 $19 66. Ke1 $2 {[#]} (66. Kg2) 66... Bf2+ $1 67. Kd2 {[#]} (67. Kf1 $19 Bb6+ 68. Kg2) 67... Rd8+ $1 68. Kc2 Be3 69. Bf3 Rd2+ 70. Kb1 Kb3 (70... Bh6 $142 71. Bh5 Kb3 72. Nc1+ Ka3 73. Nd3 Rxd3 74. Kc2 Rh3 75. Bg4 Rb3 76. Be6 Rg3 77. Bc8 Kb4 78. Kd1 Rg2 79. Ke1 Rh2 80. Kf1 Be3 81. Ke1 Bc5 82. Bb7 Kc3 83. Be4 Kd4 84. Bg6 Ke3 85. Kd1 Rd2+ 86. Kc1 Ba3+ 87. Kb1 Kd4 88. Bh5 Kc3 89. Bf3 Bb2 90. Ka2 Rd7 91. Bd1 Ra7+ 92. Ba4 Rxa4+ 93. Kb1 Ra1#) 71. Nc1+ Ka3 {( -> ...Rb2+)} 72. Ne2 Rb2+ 73. Ka1 Rb8 {Accuracy: White = 49%, Black = 69%.} 0-1

[Event "6th GRENKE Chess Classic 2019"]
[Site "Karlsruhe/Baden-Baden"]
[Date "2019.04.21"]
[Round "2.2"]
[White "Anand, Viswanathan"]
[Black "Keymer, Vincent"]
[Result "1-0"]
[WhiteElo "2774"]
[BlackElo "2516"]
[Annotator "TA"]
[PlyCount "85"]
[EventDate "2019.03.30"]
[EventType "tourn"]
[EventCountry "GER"]
[SourceTitle "playchess.com"]
[Source "ChessBase"]
[SourceQuality "1"]

{[%evp 15,85,0,10,13,20,16,8,9,12,0,9,5,20,0,9,10,31,32,57,43,57,40,56,51,62,62,52,56,66,60,72,67,89,58,75,65,60,31,109,90,98,103,102,83,100,88,102,95,102,87,86,84,90,85,80,66,132,127,139,140,224,214,290,290,272,187,272,272,411,410,510,510]} 1. e4 c5 2. Nf3 d6 3. d4 cxd4 4. Nxd4 Nf6 5. Nc3 a6 6. Bd3 e5 7. Nde2 Be7 8. O-O O-O 9. Ng3 {B90: Sicilian Najdorf: Unusual White 6th moves, 6 Be3 Ng4 and 6 Be3 e5} Be6 10. Nd5 Bxd5 11. exd5 {The position is equal.} g6 12. c4 Nbd7 13. Bh6 Re8 14. Rc1 (14. b4 Bf8 15. Bg5 h6 16. Bd2 e4 {½-½ (46) Najer,E (2683)-Wojtaszek,R (2738) Batumi 2018}) 14... Bf8 $146 ({Predecessor:} 14... a5 15. b3 Nc5 16. Bc2 Nfd7 {1-0 (27) Wang,Y (2337)-Zhao,S (2186) China 2018}) 15. Bg5 h6 16. Bd2 a5 17. b3 $36 {[%mdl 2048] White is more active.} h5 18. Re1 Bg7 19. h3 Qe7 20. Be3 Qf8 21. Qd2 h4 22. Ne2 Nh5 23. Nc3 f5 24. Bg5 Nf4 25. Bxf4 ({Don't play} 25. Bxh4 Bh6 $15) 25... exf4 26. Re6 Ne5 ({Black should try} 26... Rxe6 $14 27. dxe6 Nc5) 27. Be2 Rxe6 28. dxe6 Re8 29. Qd5 ({Avoid the trap} 29. Qxf4 $2 Bh6 $19) 29... Qe7 30. Nb5 ({Stronger than} 30. Qxa5 f3 $17) 30... Qxe6 31. Qxb7 Re7 32. Qb8+ (32. Qa8+ {with more complications.} Kh7 33. Rd1 Nf7 34. Bf1 f3 35. Qxf3 Qe5 36. Nd4) 32... Kh7 {[#] Hoping for ...Nd7.} 33. Qxd6 Qxd6 34. Nxd6 Bf8 35. Nb5 Nc6 (35... Rd7 $14) 36. Kf1 $16 Re5 37. a3 Bc5 (37... Kg7 $16 38. Bf3 Nb8) 38. Bf3 $18 Nd4 39. Nxd4 Bxd4 40. Rb1 Re6 {[#]} (40... Rc5 {was worth a try.} 41. Bd5 Rc8) 41. b4 $1 Rb6 (41... axb4 $142 42. axb4 Kh6) 42. Rd1 Bb2 43. c5 {Accuracy: White = 74%, Black = 39%.} 1-0

[Event "6th GRENKE Chess Classic 2019"]
[Site "Karlsruhe/Baden-Baden"]
[Date "2019.04.21"]
[Round "2.3"]
[White "Caruana, Fabiano"]
[Black "Vachier-Lagrave, Maxime"]
[Result "1/2-1/2"]
[WhiteElo "2819"]
[BlackElo "2773"]
[Annotator "TA"]
[PlyCount "97"]
[EventDate "2019.03.30"]
[EventType "tourn"]
[EventCountry "GER"]
[SourceTitle "playchess.com"]
[Source "ChessBase"]
[SourceQuality "1"]

{[%evp 9,97,0,0,0,0,0,12,20,13,0,16,-16,0,-19,0,4,12,0,43,-38,22,16,14,22,18,11,45,20,33,0,23,16,19,12,58,8,24,23,47,8,24,24,17,6,19,19,18,23,18,16,27,0,0,0,0,0,33,33,33,33,33,33,33,33,33,0,0,0,0,0,0,0,8,8,14,14,16,14,55,0,0,0,0,0,0,0,0,0,0,0]} 1. e4 c5 2. Nc3 d6 3. d4 cxd4 4. Qxd4 Nc6 5. Qd2 Nf6 6. b3 {B23: Closed Sicilian: Lines without g3} e6 7. Bb2 d5 8. exd5 exd5 9. O-O-O {[%cal Rc3d5]} Be6 $1 10. a3 $146 ({Predecessor:} 10. Nf3 Qa5 11. Nd4 {1-0 (34) Guseinov,G (2664)-Sarana,A (2618) St Petersburg 2018}) 10... Bc5 11. Nf3 O-O 12. Bd3 Rc8 13. Rhe1 Re8 14. h3 (14. Nb5 $14) 14... Qa5 (14... Qe7 $15) 15. Nb5 ({Wrong is} 15. b4 $2 {[#]} Nxb4 $1 {[%mdl 512]} 16. Bf1 (16. axb4 $2 Bxb4 17. Re3 Rxc3 $19) 16... Nc6 $19) 15... Qxd2+ 16. Rxd2 a6 17. Nbd4 Ne4 18. Rde2 Bd7 19. Kd1 f6 20. Nxc6 Bxc6 21. Nd4 Bd7 22. f3 Ng3 23. Rxe8+ Rxe8 24. c4 dxc4 25. Bxc4+ Kf8 26. b4 Bd6 27. Ne6+ Bxe6 $1 28. Rxe6 Rd8 29. Kc2 Nh5 30. Re4 b5 31. Bd3 Nf4 32. Bf1 Re8 33. Kb3 Rxe4 34. fxe4 $14 {[%mdl 4096] Endgame KBB-KBN} Ne6 35. a4 Nc7 36. Bd4 Ke7 37. Be2 Kd7 38. Be3 Be5 39. h4 g6 40. h5 gxh5 41. Bxh5 Ne6 42. Bg4 Kd6 43. a5 Nd4+ 44. Ka2 (44. Bxd4 $1 $14 Bxd4 45. Bc8) 44... Kc7 $11 {The position is equal.} 45. Bf2 Nc2 46. Kb3 Nd4+ 47. Ka2 Nc2 48. Kb3 Nd4+ 49. Ka2 {Accuracy: White = 61%, Black = 54%.} 1/2-1/2

[Event "6th GRENKE Chess Classic 2019"]
[Site "Karlsruhe/Baden-Baden"]
[Date "2019.04.21"]
[Round "2.4"]
[White "Naiditsch, Arkadij"]
[Black "Svidler, Peter"]
[Result "0-1"]
[WhiteElo "2695"]
[BlackElo "2735"]
[Annotator "TA"]
[PlyCount "78"]
[EventDate "2019.03.30"]
[EventType "tourn"]
[EventCountry "GER"]
[SourceTitle "playchess.com"]
[Source "ChessBase"]
[SourceQuality "1"]

{[%evp 9,78,4,18,10,12,12,26,12,37,7,3,4,13,0,0,0,0,0,0,0,0,0,20,-17,0,0,0,-33,-30,-45,-33,-59,-52,-52,-31,-66,-67,-79,-76,-66,-67,-98,-91,-89,-87,-83,-85,-108,-112,-117,-108,-141,-148,-155,-138,-285,-280,-290,-292,-274,-289,-420,-413,-348,-345,-343,-325,-602,-593,-707,-655]} 1. e4 e5 2. Nf3 Nc6 3. Bb5 a6 4. Bxc6 dxc6 5. O-O Qf6 6. d4 {C68: Ruy Lopez: Exchange Variation, sidelines} exd4 7. Bg5 Qd6 8. Nxd4 {White has an edge.} Be7 (8... Bd7 9. Nc3 Ne7 10. Be3 c5 11. Nde2 Qxd1 12. Rfxd1 Ng6 13. Rd5 Bc6 {½-½ (55) Naiditsch,A (2710)-Adhiban,B (2683) Astana 2019}) 9. Bxe7 (9. Be3 {is more complex.} Nf6 10. f3 O-O 11. Nd2 Rd8 12. c3) 9... Nxe7 10. Nc3 Bd7 11. Nde2 O-O-O 12. Qc1 Ng6 13. Qe3 Kb8 14. Rad1 $146 Qe7 15. f4 Bc8 16. Nc1 (16. h3 {seems wilder.} b6 17. Rd3 Bb7 18. Rfd1 c5 19. Nd5) 16... Rxd1 17. Rxd1 b6 18. Nd3 a5 19. Re1 Ba6 20. Nf2 Re8 21. a3 f6 22. Ne2 {[%cal Bc3e2,Be2g3,Bg3f5][%mdl 32]} Bb7 23. Ng3 c5 24. Nf5 Qf7 25. Rd1 Nf8 26. c3 a4 27. h3 Ne6 28. Ng3 Bc6 29. Rd2 Nd8 30. Qd3 Nb7 31. Kh2 Nd6 32. Rd1 (32. Qe2 $17) 32... h5 $19 33. Re1 h4 34. Nf1 Qb3 35. e5 (35. Nd1 $142) 35... fxe5 36. fxe5 {intending Nd2.} Qxb2 37. Re2 Qb5 38. Qc2 $2 {[#]} (38. Nd2 Qxd3 39. Nxd3) 38... Nc4 39. e6 Nxa3 {Accuracy: White = 28%, Black = 95%.} 0-1

[Event "6th GRENKE Chess Classic 2019"]
[Site "Karlsruhe/Baden-Baden"]
[Date "2019.04.21"]
[Round "2.5"]
[White "Meier, Georg"]
[Black "Aronian, Levon"]
[Result "1/2-1/2"]
[WhiteElo "2628"]
[BlackElo "2763"]
[Annotator "TA"]
[PlyCount "57"]
[EventDate "2019.03.30"]
[EventType "tourn"]
[EventCountry "GER"]
[SourceTitle "playchess.com"]
[Source "ChessBase"]
[SourceQuality "1"]

{[%evp 19,57,0,0,9,8,6,7,10,3,5,3,2,2,2,12,2,10,0,9,2,9,4,10,0,0,0,0,0,0,0,0,0,0,0,0,0,16,0,0,0]} 1. e4 c5 2. Nf3 d6 3. Bb5+ Bd7 4. Bxd7+ Nxd7 5. O-O Ngf6 6. Qe2 e6 7. c3 Be7 8. d4 O-O 9. e5 dxe5 10. dxe5 Nd5 {The position is equal.} 11. c4 {B52: Sicilian: Moscow Variation with 3...Bd7} Nb4 12. Nc3 Nc6 13. Rd1 $146 ({Predecessor:} 13. Bf4 a6 14. Rad1 Qc7 15. h4 Rfd8 16. h5 h6 17. g3 Nf8 18. Kg2 Rxd1 19. Rxd1 {½-½ (30) Chang,S (2087)-Carstens Dobuchak,T (2149) Brasilia 2016}) 13... a6 14. Bf4 Qc7 15. h4 Rfd8 16. h5 h6 17. b3 Nf8 18. Ne4 Rxd1+ 19. Rxd1 Rd8 20. Rxd8 Qxd8 21. Ned2 Qa5 22. Ne4 Nd7 23. g3 Kf8 24. Kg2 Ke8 25. g4 Qc7 26. Kg3 Qa5 27. Kg2 Qc7 28. Kg3 Qa5 29. Kg2 {Accuracy: White = 56%, Black = 93%.} 1/2-1/2